Gyöngyösi István "rímszótára"

Elmentve itt :
Bibliográfiai részletek
Szerző: Szincsok György
További közreműködők: Vadai István (Témavezető)
Dokumentumtípus: Szakdolgozat
Megjelent: 1991
Tárgyszavak:
Online Access:http://diploma.bibl.u-szeged.hu/42936
LEADER 00541nta a2200157 i 4500
001 dipl42936
005 20140715155219.0
008 140715s1991 hu om 0|| zxx d
040 |a SZTE Diploma Repozitórium  |b hun 
041 |a zxx 
100 1 |a Szincsok György 
245 1 0 |a Gyöngyösi István "rímszótára"  |h [elektronikus dokumentum] /  |c György Szincsok  
260 |c 1991 
650 4 |a Bölcsészettudományok 
700 1 |a Vadai István  |e ths 
856 4 0 |u http://diploma.bibl.u-szeged.hu/id/eprint/42936/1/1991_szincsok_gyorgy.pdf  |z Dokumentum-elérés